Bài tập địa chất cơ học và nền móng công trình

Salvato in:
Dettagli Bibliografici
Autore principale: Nguyễn, Uyên
Natura: Libro
Lingua:Undetermined
Pubblicazione: Hà Nội Xây Dựng 2005
Soggetti:
Tags: Aggiungi Tag
Nessun Tag, puoi essere il primo ad aggiungerne! !
Thư viện lưu trữ: Trung tâm Học liệu Trường Đại học Cần Thơ
LEADER 00564nam a2200193Ia 4500
001 CTU_88205
008 210402s9999 xx 000 0 und d
020 |c 48000 
082 |a 624.15 
082 |b U527 
100 |a Nguyễn, Uyên 
245 0 |a Bài tập địa chất cơ học và nền móng công trình 
245 0 |c Nguyễn Uyên 
260 |a Hà Nội 
260 |b Xây Dựng 
260 |c 2005 
650 |a Soil mechanics,Engineering geology 
904 |i Truc 
980 |a Trung tâm Học liệu Trường Đại học Cần Thơ